000 01008nam a2200253Ia 4500
003 OSt
005 20220930095124.0
006 a|||||r|||| 00| 0
007 ta
008 220926b |||||||| |||| 00| 0 pan d
024 _a10731
037 _cTheses
040 _aCRL
_cCRL
_bpan
041 _2pan
_apan
100 _aਮਨਜੀਤ ਸਿੰਘ
110 _aਦਿੱਲੀ ਯੁਨੀਵਰਸਿਟੀ. ਆਰਟਸ ਖ਼ੈਕਲਟੀ. ਪੰਜਾਬੀ ਵਿਭਾਗ
_9556934
245 0 _aਪੰਜਾਬੀ ਬਾਲ ਸਾਹਿਤ ਦਾ ਮਨੋਵਿਗਿਆਨਕ ਅਧਿਐਨ
260 _c2013
650 _aਪੰਜਾਬੀ ਸਾਹਿਤ
700 _a ਇੰਦਰ ਜੀਤ ਕੈਰ, ਭਚ.
700 _aਦਿੱਲੀ ਯੁਨੀਵਰਸਿਟੀ. ਆਰਟਸ ਖ਼ੈਕਲਟੀ. ਪੰਜਾਬੀ ਵਿਭਾਗ
_9556935
942 _cDIS
_2CC
999 _c888360
_d888360